Letteratura italiana - facile - Statistics

Statistiche generali
  • Questo quiz è stato fatto 1.394 volte
  • Il punteggio medio è 16 su 30
Statistiche sulle risposte
Hint Risposta % Corretto
Decameron Giovanni Boccaccio
94%
Fermo e Lucia Alessandro Manzoni
91%
I Malavoglia Giovanni Verga
91%
Il fu Mattia Pascal Luigi Pirandello
89%
Ultime lettere di Jacopo Ortis Ugo Foscolo
84%
Orlando furioso Ludovico Ariosto
83%
Operette morali Giacomo Leopardi
82%
Ossi di seppia Eugenio Montale
80%
Il nome della rosa Umberto Eco
77%
Gerusalemme liberata Torquato Tasso
76%
La locandiera Carlo Goldoni
71%
Marcovaldo Italo Calvino
67%
Le città invisibili Italo Calvino
67%
Senilità Italo Svevo
67%
Alcyone Gabriele D'Annunzio
66%
Il Porto sepolto Giuseppe Ungaretti
62%
Il Convivio Dante Alighieri
51%
La luna e i falò Cesare Pavese
47%
Odi barbare Giosuè Carducci
43%
Gli indifferenti Alberto Moravia
41%
L'isola di Arturo Elsa Morante
40%
Ragazzi di vita Pier Paolo Pasolini
39%
Canne al vento Grazia Deledda
30%
Una questione privata Beppe Fenoglio
22%
A ciascuno il suo Leonardo Sciascia
19%
Il sergente nella neve Mario Rigoni Stern
18%
La cognizione del dolore Carlo Emilio Gadda
14%
La lunga vita di Marianna Ucrìa Dacia Maraini
12%
L'amore molesto Elena Ferrante
9%
Il prete bello Goffredo Parise
5%
Nessun quiz corrispondente trovato
Distribuzione punteggi
Percentuale di utenti per punteggio
Percentile per numero di risposta
I tuoi punteggi nel tempo
Non hai fatto questo quiz